[Event "Osijek op 10th"]
[Site "Osijek"]
[Date "2017.02.25"]
[Round "6"]
[White "Bender, Ivan"]
[Black "Lovric, Petar"]
[Result "1-0"]
[WhiteElo "2240"]
[BlackElo "2035"]
[PlyCount "177"]
[EventDate "2017.02.23"]
[EventType "swiss"]
[EventRounds "7"]
[EventCountry "CRO"]
[SourceTitle "EXT 2019"]
[Source "ChessBase"]
[SourceDate "2018.10.10"]
[SourceVersion "1"]
[SourceVersionDate "2018.10.10"]
[SourceQuality "1"]

1. d4 Nf6 2. c4 e5 3. dxe5 Ng4 4. e3 Nxe5 5. Nh3 Bb4+ 6. Bd2 Bxd2+ 7. Qxd2 0-0 8. Nf4 d6 9. Nc3 Be6 10. b3 Nbc6 11. Be2 Ne7 12. 0-0 N7g6 13. Nxg6 hxg6 14. f4 Nd7 15. Bf3 Rb8 16. Ne4 Re8 17. Ng5 Nf8 18. Qf2 f6 19. Ne4 Qe7 20. Nc3 c6 21. Rad1 Bf7 22. Rfe1 Ne6 23. Be4 Rbd8 24. Qg3 f5 25. Bb1 Qf6 26. e4 Nxf4 27. exf5 Rxe1+ 28. Rxe1 gxf5 29. Qxf4 Qxc3 30. Rf1 Be6 31. Bxf5 Bxf5 32. Qxf5 Qe3+ 33. Kh1 Qe7 34. Qa5 a6 35. Re1 Rf8 36. h3 Qf7 37. Rd1 Qe7 38. Qd2 Rf6 39. Qd4 Re6 40. Rd2 Qf6 41. Qg4 Qe7 42. Qd4 Qf6 43. Qxf6 Rxf6 44. Kh2 Kf7 45. g4 Ke6 46. Kg3 d5 47. h4 b5 48. h5 Rf7 49. g5 a5 50. cxd5+ cxd5 51. h6 gxh6 52. gxh6 Rh7 53. Rh2 Ke5 54. Kf2 Kd4 55. Rh3 a4 56. bxa4 bxa4 57. Ke2 Kc4 58. Kd2 Kd4 59. Rh4+ Kc5 60. a3 Kb5 61. Kd3 Kc5 62. Rh5 Kb6 63. Kd4 Kc6 64. Rh4 Kd6 65. Rh3 Ke6 66. Rh5 Kf7 67. Kxd5 Kg6 68. Rh4 Kg5 69. Rxa4 Rxh6 70. Re4 Ra6 71. a4 Kf5 72. Rd4 Ra5+ 73. Kc6 Ke5 74. Rh4 Ke6 75. Re4+ Kf5 76. Kb6 Ra8 77. Kb7 Ra5 78. Rh4 Ke6 79. Kb6 Ra8 80. a5 Rb8+ 81. Kc6 Rb1 82. Re4+ Kf5 83. Rc4 Ke5 84. a6 Ra1 85. Kb7 Kd5 86. Rc6 Ra2 87. Rb6 Kc5 88. a7 Ra1 89. Rb2 1-0

[Event "Osijek op 10th"]
[Site "Osijek"]
[Date "2017.02.23"]
[Round "2"]
[White "Sos, Fran"]
[Black "Lovric, Petar"]
[Result "1/2-1/2"]
[WhiteElo "1863"]
[BlackElo "2035"]
[PlyCount "91"]
[EventDate "2017.02.23"]
[EventType "swiss"]
[EventRounds "7"]
[EventCountry "CRO"]
[SourceTitle "EXT 2019"]
[Source "ChessBase"]
[SourceDate "2018.10.10"]
[SourceVersion "1"]
[SourceVersionDate "2018.10.10"]
[SourceQuality "1"]

1. d4 d5 2. c4 e6 3. Nc3 Nf6 4. Nf3 Be7 5. Bf4 c6 6. Qc2 Nbd7 7. g3 Qa5 8. Bd2 Qd8 9. b3 0-0 10. Bg2 b6 11. e4 dxe4 12. Nxe4 Nxe4 13. Qxe4 Bb7 14. Bc3 Rb8 15. Qe2 c5 16. 0-0 Bxf3 17. Bxf3 Bf6 18. Rad1 Qc7 19. Qc2 cxd4 20. Bxd4 Bxd4 21. Rxd4 Ne5 22. Qe4 Rbd8 23. Rfd1 Rxd4 24. Rxd4 Qc5 25. Bg2 Re8 26. Rd1 f5 27. Qd4 Qxd4 28. Rxd4 Kf7 29. f4 Ng4 30. Rd7+ Re7 31. Rd8 Rc7 32. Bf3 Nf6 33. Kf2 Ke7 34. Rd4 h6 35. h4 g6 36. Ke3 h5 37. b4 Nd7 38. a4 a5 39. bxa5 bxa5 40. Bd1 Nc5 41. Bc2 Rb7 42. Rd1 Rb8 43. Re1 Na6 44. Rb1 Rxb1 45. Bxb1 Kd6 46. Kd4 1/2-1/2

[Event "Osijek op"]
[Site "Osijek"]
[Date "2015.03.05"]
[Round "1"]
[White "Lovric, Petar"]
[Black "Perci, Franjo"]
[Result "1-0"]
[WhiteElo "2029"]
[BlackElo "1724"]
[PlyCount "95"]
[EventDate "2015.03.05"]
[EventType "swiss"]
[EventRounds "7"]
[EventCountry "CRO"]
[SourceTitle "CBM 165 Extra"]
[Source "ChessBase"]
[SourceDate "2015.04.21"]
[SourceVersion "1"]
[SourceVersionDate "2015.04.21"]
[SourceQuality "1"]

1. d4 d5 2. c4 h6 3. Nc3 Nf6 4. cxd5 Nxd5 5. e4 Nb6 6. Nf3 Bg4 7. Be2 e6 8. 0-0 a6 9. Re1 c6 10. h3 Bh5 11. d5 Bxf3 12. Bxf3 e5 13. Qb3 c5 14. Be3 N8d7 15. Bg4 Rb8 16. f4 Bd6 17. f5 Nf6 18. Bf3 Nbd7 19. a4 b6 20. Qc4 Qc8 21. g4 Qb7 22. Be2 Ra8 23. h4 Nh7 24. Kg2 f6 25. Rh1 Ke7 26. Qd3 Qc8 27. b3 Qe8 28. Qd2 Ra7 29. Nd1 Ra8 30. Nb2 Qb8 31. Nc4 Ra7 32. Rhc1 Rc8 33. g5 hxg5 34. hxg5 fxg5 35. Bxg5+ Nhf6 36. Rh1 Rh8 37. Rxh8 Qxh8 38. Rh1 Qg8 39. Bh5 Ra8 40. Bg6 Rb8 41. Qc3 Nf8 42. Nxe5 Rb7 43. Ng4 N8d7 44. Bxf6+ gxf6 45. Rh7+ Kd8 46. Nxf6 Qf8 47. Nxd7 Rxd7 48. Rh8 1-0

[Event "Osijek-ch op"]
[Site "Osijek"]
[Date "2014.02.20"]
[Round "2"]
[White "Sulc, Damir"]
[Black "Lovric, Petar"]
[Result "1/2-1/2"]
[WhiteElo "2224"]
[BlackElo "2010"]
[PlyCount "65"]
[EventDate "2014.02.20"]
[EventType "swiss"]
[EventRounds "7"]
[EventCountry "CRO"]
[SourceTitle "CBM 159 Extra"]
[Source "ChessBase"]
[SourceDate "2014.04.24"]
[SourceVersion "1"]
[SourceVersionDate "2014.04.24"]
[SourceQuality "1"]

1. e4 c6 2. d4 d5 3. Nc3 dxe4 4. Nxe4 Bf5 5. Ng3 Bg6 6. h4 h6 7. h5 Bh7 8. Nf3 Nd7 9. Bd3 Bxd3 10. Qxd3 e6 11. Bf4 Ngf6 12. 0-0-0 Qa5 13. Kb1 0-0-0 14. Rhe1 Bb4 15. c3 Bf8 16. Ne5 Nxe5 17. Bxe5 Ng4 18. Qf3 Nxe5 19. dxe5 Rxd1+ 20. Rxd1 Qc7 21. Qe3 Qb6 22. Qf4 Ba3 23. Rd2 Rd8 24. Kc1 Rxd2 25. Qxd2 Be7 26. Ne4 Qa6 27. f3 Qxa2 28. Nd6+ Bxd6 29. Qxd6 Qa1+ 30. Kc2 Qa4+ 31. Kb1 Qh4 32. Qf8+ Qd8 33. Qxg7 1/2-1/2

[Event "Osijek op"]
[Site "Osijek"]
[Date "2013.02.23"]
[Round "6.12"]
[White "Lovric, Petar"]
[Black "Raguz, Darko"]
[Result "1/2-1/2"]
[WhiteElo "1998"]
[BlackElo "2103"]
[PlyCount "88"]
[EventDate "2013.02.21"]
[EventType "swiss"]
[EventRounds "7"]
[EventCountry "CRO"]
[SourceTitle "EXT 2014"]
[Source "ChessBase"]
[SourceDate "2013.11.20"]
[SourceVersion "1"]
[SourceVersionDate "2013.11.20"]
[SourceQuality "1"]

1. d4 d5 2. c4 e6 3. Nc3 c5 4. e3 Nf6 5. Nf3 Nc6 6. Be2 Bd6 7. a3 0-0 8. dxc5 Bxc5 9. b4 Bb6 10. Bb2 d4 11. exd4 Nxd4 12. c5 Nxe2 13. Qxe2 Bc7 14. 0-0 a6 15. a4 Qe7 16. a5 Bd7 17. Rfd1 Bc6 18. Ne5 Bd5 19. Ng6 hxg6 20. Nxd5 Nxd5 21. Rxd5 Bxh2+ 22. Kf1 Qc7 23. Rd3 Bf4 24. Rh3 Bh6 25. Be5 Qc6 26. Qg4 Qd5 27. Re1 Rad8 28. Qh4 f6 29. Bd6 Rfe8 30. Qg4 Kf7 31. Rd1 Qa2 32. Qe4 Qa4 33. Rhd3 Qb5 34. Kg1 Bg5 35. f4 f5 36. Qe3 Bf6 37. Be5 Rxd3 38. Rxd3 Bxe5 39. fxe5 Qxb4 40. Rb3 Qxa5 41. Rxb7+ Re7 42. c6 Rxb7 43. cxb7 Qb4 44. Qa7 Qe1+ 1/2-1/2

[Event "Osijek op"]
[Site "Osijek"]
[Date "2013.02.22"]
[Round "3.11"]
[White "Cajzler, Hinko"]
[Black "Lovric, Petar"]
[Result "1/2-1/2"]
[WhiteElo "2140"]
[BlackElo "1998"]
[PlyCount "80"]
[EventDate "2013.02.21"]
[EventType "swiss"]
[EventRounds "7"]
[EventCountry "CRO"]
[SourceTitle "EXT 2014"]
[Source "ChessBase"]
[SourceDate "2013.11.20"]
[SourceVersion "1"]
[SourceVersionDate "2013.11.20"]
[SourceQuality "1"]

1. d4 d5 2. c4 c6 3. Nf3 Nf6 4. Nc3 e6 5. cxd5 cxd5 6. Bf4 Nc6 7. e3 Be7 8. Bd3 0-0 9. h3 Bd7 10. 0-0 Rc8 11. Rc1 Na5 12. Ne5 Nc4 13. Qe2 Nd6 14. f3 a6 15. g4 Bc6 16. Bb1 Nc4 17. Bd3 Nxe5 18. Bxe5 Nd7 19. Bh2 Bf6 20. f4 g6 21. g5 Bg7 22. h4 f5 23. Bg3 Kf7 24. h5 Rg8 25. Kf2 Qb6 26. Rc2 Rc7 27. Rfc1 Rgc8 28. Kf1 Nb8 29. Be1 Bd7 30. Nd1 Rxc2 31. Rxc2 Rxc2 32. hxg6+ hxg6 33. Qxc2 Nc6 34. a3 Na5 35. Bb4 Nc4 36. b3 Nd6 37. Bc5 Qc6 38. Bxd6 Qxd6 39. b4 Qc6 40. Qxc6 Bxc6 1/2-1/2